Graham Greene: a collection of critical essays / (Record no. 9015)
[ view plain ]
| 000 -LEADER | |
|---|---|
| fixed length control field | 01038cam a2200337 4500 |
| 001 - CONTROL NUMBER | |
| JCCL Control Number | 9015 |
| 003 - CONTROL NUMBER IDENTIFIER | |
| JCCL marc code | BD - JhCC |
| 005 - DATE AND TIME OF LATEST TRANSACTION | |
| control field | 20190311094117.0 |
| 008 - FIXED-LENGTH DATA ELEMENTS--GENERAL INFORMATION | |
| fixed length control field | 720915s1973 nju b 000 0 eng |
| 020 ## - INTERNATIONAL STANDARD BOOK NUMBER | |
| International Standard Book Number | 0133622517 |
| -- | 0133622444 (pbk) |
| 035 ## - SYSTEM CONTROL NUMBER | |
| system control number | (BD - JhCC)9015 |
| 035 ## - SYSTEM CONTROL NUMBER | |
| system control number | (OCoLC)00446058 |
| 035 ## - SYSTEM CONTROL NUMBER | |
| system control number | GLIS00005848 |
| 040 ## - CATALOGING SOURCE | |
| Original cataloging agency | BD-JhCC |
| Modifying agency | BD-JhCC |
| 041 ## - LANGUAGE CODE | |
| Language code of Book | eng |
| 082 ## - DEWEY DECIMAL CLASSIFICATION NUMBER | |
| Author mark and Year | HYN 1973 |
| Classification number | 813.4 |
| 090 ## - LOCALLY ASSIGNED LC-TYPE CALL NUMBER (OCLC); LOCAL CALL NUMBER (OCLC) | |
| Classification number (OCLC) (R) ; Classification number, CALL (RLIN) (NR) | PR6013.R3276 |
| Local cutter number (OCLC) ; Book number/undivided call number, CALL (RLIN) | Z6 .H9 |
| 099 ## - LOCAL FREE-TEXT CALL NUMBER | |
| Classification number | PR6013.R3276.Z6 .H9 |
| 100 1# - MAIN ENTRY--PERSONAL NAME | |
| Personal name | Hynes, Samuel, |
| Dates associated with a name | 1924- |
| 245 10 - TITLE STATEMENT | |
| Title | Graham Greene: a collection of critical essays / |
| Statement of responsibility, etc | Edited by Samuel Hynes. |
| 260 ## - PUBLICATION, DISTRIBUTION, ETC. (IMPRINT) | |
| Place of publication, distribution, etc | Englewood Cliffs, N.J., |
| Name of publisher, distributor, etc | Prentice-Hall |
| Date of publication, distribution, etc | [1973] |
| 300 ## - PHYSICAL DESCRIPTION | |
| Pagination | vi, 183 p. |
| Dimensions | 21 cm. |
| 490 1# - SERIES STATEMENT | |
| Series statement | Twentieth century views |
| 490 1# - SERIES STATEMENT | |
| Series statement | Spectrum book |
| 504 ## - BIBLIOGRAPHY, ETC. NOTE | |
| Bibliography, etc | Bibliography: p. 181-183. |
| 600 10 - SUBJECT ADDED ENTRY--PERSONAL NAME | |
| Personal name | Greene, Graham, |
| Dates associated with a name | 1904-1991 |
| General subdivision | Criticism and interpretation. |
| 830 #0 - SERIES ADDED ENTRY--UNIFORM TITLE | |
| Uniform title | Twentieth century views. |
| 830 #0 - SERIES ADDED ENTRY--UNIFORM TITLE | |
| Uniform title | Spectrum book. |
| 942 ## - ADDED ENTRY ELEMENTS (KOHA) | |
| Source of classification or shelving scheme | Dewey Decimal Classification |
| Koha item type | Books |
| Source of classification or shelving scheme | Damaged status | Not for loan | Home library | Current library | Shelving location | Total Checkouts | Full call number | Barcode | Date last seen | Copy number | Koha item type |
|---|---|---|---|---|---|---|---|---|---|---|---|
| Dewey Decimal Classification | JCC Rouf Library | JCC Rouf Library | General Stacks | 813.4 HYN 1973 | 12009 | 03/07/2018 | C - 1 | Books |